Normal view MARC view

Entry Nombre personal

Number of records used in: 2

001 - NÚMERO DE CONTROL

  • campo de control: 1118

003 - IDENTIFICADOR DE NÚMERO DE CONTROL

  • campo de control: DLC

005 - FECHA Y HORA DE LA ÚLTIMA TRANSACCIÓN

  • campo de control: 20260424121402.0

008 - ELEMENTOS DE DATO DE LONGITUD-FIJA

  • campo de control de longitud fija: 800428n| azannaabn |b aaa

010 ## - NÚMERO DE CONTROL DE LA BIBLIOTECA DEL CONGRESO

  • Número de control de LC: n 80050342

035 ## - NÚMERO DE CONTROL DEL SISTEMA

  • Número de control de sistema: (OCoLC)oca00432215

040 ## - FUENTE DE CATALOGACIÓN

  • Centro catalogador/agencia de origen: DLC
  • Lengua de catalogación: eng
  • Normas de descripción: rda
  • Centro/agencia transcriptor: DLC
  • Centro/agencia modificador: OCoLC
  • Centro/agencia modificador: DLC
  • Centro/agencia modificador: CSt
  • Centro/agencia modificador: WaU
  • Centro/agencia modificador: IEN

046 ## - FECHAS CON CODIFICACIÓN ESPECIAL

  • Fecha de nacimiento: 19141109
  • Fecha de la muerte: 20100709

100 1# - ENCABEZAMIENTO-NOMBRE DE PERSONA

  • Nombre de persona: Davidson, Basil,
  • Fechas asociadas al nombre: 1914-2010

370 ## - LUGAR ASOCIADO

  • Lugar de nacimiento: Bristol (England)
  • País asociado: Great Britain
  • Fuente del término: naf

372 ## - CAMPO DE ACTIVIDAD

  • Campo de actividad: Africa--History--20th century
  • Campo de actividad: Colonies
  • Campo de actividad: Imperialism
  • Fuente del término: lcsh

374 ## - OCUPACIÓN

  • Ocupación: Journalists
  • Ocupación: Historians
  • Fuente del término: lcsh

375 ## - GÉNERO/SEXO

  • Género: male

377 ## - IDIOMA ASOCIADO

  • Código del idioma: eng

378 ## - FORMA COMPLETA/DESARROLLADA DEL NOMBRE

  • Forma completa/desarrollada del nombre: Basil Risbridger

400 1# - TRAZADO DE VÉASE--NOMBRE DE PERSONA

  • Nombre de persona: デヴイドソンバジル,
  • Fechas asociadas al nombre: 1914-2010

400 1# - TRAZADO DE VÉASE--NOMBRE DE PERSONA

  • Nombre de persona: Dėvidson, Bėsil,
  • Fechas asociadas al nombre: 1914-2010

400 1# - TRAZADO DE VÉASE--NOMBRE DE PERSONA

  • Nombre de persona: Tai-wei-hsün, Pai-chʻi-erh,
  • Fechas asociadas al nombre: 1914-2010

670 ## - FUENTE DE DATOS ENCONTRADOS

  • Cita de la fuente: His Partisan picture, 1946.

670 ## - FUENTE DE DATOS ENCONTRADOS

  • Cita de la fuente: ALCS database, 8 Mar. 2005
  • Información encontrada: (born 9 Nov. 1914)

670 ## - FUENTE DE DATOS ENCONTRADOS

  • Cita de la fuente: Guardian WWW site, July 13, 2010
  • Información encontrada: (Basil Davidson; b. Basil Risbridger Davidson, Nov. 9, 1914, Bristol; d. July 9, 2010; radical journalist and historian who charted the death throes of colonialism in Africa)